000 00203nam a2200097Ia 4500
008 190216s9999||||xx |||||||||||||| ||und||
100 _aGopinath C G
245 0 _aAgnigolam
260 _bNull
942 _cBK
999 _c23570
_d23570